Truyện cổ tích các dân tộc thiểu số Việt Nam Truyện cổ tích loài vật

Truyện cổ tích về loài vật các dân tộc thiểu số Việt Nam như: Dao, Ê đê, Gia Rai, H' Mông, Mơ Nông, Raglai, Tà Ôi, Tày, Thái

Zapisane w:
Opis bibliograficzny
1. autor: Nguyễn Thị Yên (b.s.)
Kolejni autorzy: Trần Thị An (b.s.)
Format: Książka
Język:Vietnamese
Wydane: H. Giáo dục 2014
Hasła przedmiotowe:
Etykiety: Dodaj etykietę
Nie ma etykietki, Dołącz pierwszą etykiete!
Thư viện lưu trữ: Mạng thư viện Đại học Đà Nẵng
LEADER 01678aam a22004218a 4500
001 000020767
003 17214
005 20150401080441.0
008 150326s2014 viesd
020 |d 2000b 
041 0 |a vie 
082 0 4 |2 23  |a 398.20899592  |b NG-Y 
100 1 |a Nguyễn Thị Yên 
245 1 0 |a Truyện cổ tích các dân tộc thiểu số Việt Nam  |b Truyện cổ tích loài vật  |c B.s.: Nguyễn Thị Yên (ch.b.), Nguyễn Thị Yên, Trần Thị An 
260 |a H.  |b Giáo dục  |c 2014 
300 |a 503 tr.  |c 21 cm. 
500 |a ĐTTS ghi: Hội Văn nghệ dân gian Việt Nam 
504 |a Thư mục tr.501-503 
520 3 |a Truyện cổ tích về loài vật các dân tộc thiểu số Việt Nam như: Dao, Ê đê, Gia Rai, H' Mông, Mơ Nông, Raglai, Tà Ôi, Tày, Thái 
650 0 4 |2 Bộ TK TVQG  |a Truyện cổ  |x Dân tộc thiểu số  |z Việt Nam 
651 7 |2 Bộ TK TVQG  |a Việt Nam 
653 |a Văn học dân gian 
653 |a Loài vật 
653 |a Dân tộc thiểu số 
653 |a Truyện cổ tích 
655 7 |2 Bộ TK TVQG  |a Truyện cổ tích 
700 1 |a Nguyễn Thị Yên  |e b.s. 
700 1 |a Trần Thị An  |e b.s. 
OWN |a LSP 
AVA |a UDN50  |b LSP  |d 398.20899592 NG-Y  |e available  |t Error 5001 Not defined in file expand_doc_bib_avail.  |f 1  |g 0  |h N  |i 0  |k 1 
999 |a From the UDN01 
AVA |a UDN50  |b LSP  |d 398.20899592 NG-Y  |e available  |t Error 5001 Not defined in file expand_doc_bib_avail.  |f 1  |g 0  |h N  |i 0  |k 1 
TYP |a Monograph 
TYP |a Printed language 
980 |a Mạng thư viện Đại học Đà Nẵng